Study on epidemiology of food and mouth disease in cattle at santuk district, kampong thom provice; សិក្សាពីកម្រិតរាលដាលនៃជំងឺអុតក្តាម​ នៅក្នុងស្រុកសន្ទុក ខេត្តកំពង់ធំ (Record no. 10879)

000 -LEADER
fixed length control field 00700nam a22001577a 4500
003 - CONTROL NUMBER IDENTIFIER
control field OSt
005 - DATE AND TIME OF LATEST TRANSACTION
control field 20161123144330.0
008 - FIXED-LENGTH DATA ELEMENTS--GENERAL INFORMATION
fixed length control field 161123b xxu||||| |||| 00| 0 eng d
040 ## - CATALOGING SOURCE
Transcribing agency RUA
082 ## - DEWEY DECIMAL CLASSIFICATION NUMBER
Classification number VEM HUN 2015 B533 Or.1
100 ## - MAIN ENTRY--PERSONAL NAME
9 (RLIN) 11315
Personal name HUN SREYNITH; ហ៊ុន ស្រីនីត
245 ## - TITLE STATEMENT
Title Study on epidemiology of food and mouth disease in cattle at santuk district, kampong thom provice; សិក្សាពីកម្រិតរាលដាលនៃជំងឺអុតក្តាម​ នៅក្នុងស្រុកសន្ទុក ខេត្តកំពង់ធំ
260 ## - PUBLICATION, DISTRIBUTION, ETC. (IMPRINT)
Place of publication, distribution, etc. PHNOM PENH
Name of publisher, distributor, etc. HUN
Date of publication, distribution, etc. 2015
300 ## - PHYSICAL DESCRIPTION
Extent viii;34p.
Other physical details ill.
Dimensions 29cm.
942 ## - ADDED ENTRY ELEMENTS (KOHA)
Source of classification or shelving scheme
Koha item type VEM
Holdings
Price effective from Date last seen Permanent Location Not for loan Date acquired Source of classification or shelving scheme Koha item type Lost status Withdrawn status Date last checked out Total Checkouts Shelving location Damaged status Barcode Current Location Full call number
2016-11-232016-11-23Library Block B 2016-11-23 VEM    B533 A03898Library Block BVEM HUN 2015 B533 Or.1
2016-11-232016-11-23Library Block B 2016-11-23 VEM    B533 A03267Library Block BVEM HUN 2015 B533 Or.2
2016-11-232016-11-23Library Block B 2016-11-23 VEM    B533 A04233Library Block BVEM HUN 2015 B533 Or.3
2016-11-232016-11-23Library Block B 2016-11-23 VEM    B533 A03821Library Block BVEM HUN 2015 B533 Or.4
2016-11-232016-11-23Library Block B 2016-11-23 VEM    B533 A02988Library Block BVEM HUN 2015 B533 Or.5
2016-11-232016-11-23Library Block B 2016-11-23 VEM    B533 A03175Library Block BVEM HUN 2015 B533 Or.6
2016-11-232024-02-08Library Block B 2016-11-23 VEM  2024-01-081B533 A04179Library Block BVEM HUN 2015 B533 Or.7
2016-11-232016-11-23Library Block B 2016-11-23 VEM    B533 A03309Library Block BVEM HUN 2015 B533 Or.8
មជ្ឈមណ្ឌលឯការនៃសាកលវិទ្យាល័យភូមិន្ទកសិកម្មចំការដូង

Powered by Koha